• 首页
  • 本馆介绍
  • 公告通知
  • 最新文献
  • 馆藏检索
  • 电子资源
  • 读者导购
  • 参考咨询
  • 我的图书馆
  • 登录
  • 详细信息显示
  • 放入我的书架
  • 预约/预借图书
  • 作者相关作品
  • 分类相关作品
  • 丛书相关作品
  • 出版社相关作品

书目信息

  • 表格格式
  • 工作单格式
  • 卡片格式
题名:
林纾的翻译
    
 
作者: 钱钟书 著
分册:  
出版信息: 北京   商务印书馆  1981
页数: 103页
开本: 19cm
丛书名: 林译小说丛书
单 册:
中图分类: I046
科图分类:
主题词: 文学理论:翻译理论-林纾--研究 , 翻译理论:文学理论-林纾--研究
电子资源:
ISBN:
000 00754nam0 2200277 45
001 0181006099
005 20060811085315.29
010    @dCNY0.72
091    @aCN@b10017.1
100    @a19950608d1981 emky0chiy0121 ea
101 0  @achi
102    @aCN@b110000
105    @ay z 000yy
200 10 @a林纾的翻译@Alin shu de fan yi@f钱钟书著
210    @a北京@c商务印书馆@d1981
215    @a103页@d19cm
225 2  @a林译小说丛书
410  0 @12001 @a林译小说丛书
600  0 @a林纾@x文学理论:翻译理论@x研究
606    @a文学理论:翻译理论-林纾@x研究
606    @a翻译理论:文学理论-林纾@x研究
690    @aI046@v3
701  0 @a钱钟书@Aqian zhong shu@4著
801  0 @aCN@bTSSF@c20060811
801  2 @aCN@bNLC@c20060804
905    @a10447@dI046@e125
    
    林纾的翻译/钱钟书著.-北京:商务印书馆,1981
    103页;19cm.-(林译小说丛书)
    
    
    ISBN :CNY0.72
    
●
相关链接 在E读中查询图书 在五车中查询图书 在当当中查询图书 在豆瓣中查询图书


正题名:林纾的翻译     索取号:I046/125         预约/预借

序号 登录号 条形码 馆藏地/架位号 状态 备注
1 0429274   204292746   密集书库/ [索取号:I046/125] 在馆    
2 0450912   204509120   密集书库/ [索取号:I046/125] 在馆    
唐山师范学院图书馆 欢迎您!
大连网信软件有限公司© 版权所有